2023年度全国十大考古新发现分布在哪里? - Statistics

General Stats
  • This quiz has been taken 10 times
  • The average score is 6 of 10
Answer Stats
项目(隐去省份+县市) 隐去部分(回答省份) % Correct
○○○○屈家岭遗址 湖北荆门
89%
○○○○商都书院街墓地 河南郑州
89%
○○○○壳丘头遗址群 福建平潭
67%
○○西北陆坡一号、二号沉船遗址 南海
67%
○○○○磨盘山遗址 安徽郎溪
56%
○○○○寨沟遗址 陕西清涧
56%
○○○○跋山遗址群 山东沂水
44%
○○○○王庄遗址 河南永城
44%
○○○○四角坪遗址 甘肃礼县
44%
○○○○陈村瓷窑址 山西霍州
44%
No matching quizzes found
Score Distribution
Percent of People with Each Score
Percentile by Number Answered
Your Score History
You have not taken this quiz